[Event "Prebor Prahy jednotlivcu + Rejfiruv memorial 2025"]
[White "Petras, Milan"]
[Black "Kulhanek, Tomas"]
[Site "Praha"]
[Round "1.2"]
[Result "0-1"]
[Date "2025.04.16"]
[WhiteElo "2006"]
[BlackElo "2310"]
[PlyCount "117"]
[GameId "2169023419490618"]
[EventDate "2025.??.??"]

1. e4 e6 2. d4 d5 3. Nd2 c5 4. exd5 Qxd5 5. Ngf3 cxd4 6. Bc4 Qd7 7. O-O Nc6 8. Nb3 a6 9. Nbxd4 Nxd4 10. Qxd4 Qxd4 11. Nxd4 Bd7 12. a3 Rc8 13. Bd3 Bc5 14. Be3 Nf6 15. b4 Bd6 16. Rfc1 Ng4 17. c4 Bxh2+ 18. Kf1 Nxe3+ 19. fxe3 Be5 20. a4 Ke7 21. c5 Ra8 22. b5 axb5 23. axb5 Rxa1 24. Rxa1 Rc8 25. Ra7 Rxc5 26. Rxb7 Bxd4 27. exd4 Rc3 28. Ke2 Kd6 29. Kd2 Ra3 30. g4 f5 31. gxf5 exf5 32. Rb8 f4 33. Rg8 g6 34. Rg7 f3 35. Rf7 Be8 36. Rf8 Ra2+ 37. Ke3 Ke7 38. Rxf3 Rb2 39. Rf2 Rb3 40. Kd2 Bxb5 41. Bc2 Rg3 42. Be4 h5 43. Rg2 Rxg2+ 44. Bxg2 Kd6 45. Be4 Be8 46. Ke3 g5 47. Kf2 Bc6 48. Bf5 h4 49. Bg4 Bd7 50. Bf3 g4 51. Bg2 Bc6 52. Bf1 g3+ 53. Kg1 Be4 54. Bh3 Kd5 55. Bf1 Kxd4 56. Bh3 Ke3 57. Bf1 Kf4 58. Bh3 Bf5 59. Kh1 0-1

[Event "Prebor Prahy jednotlivcu + Rejfiruv memorial 2025"]
[White "Krivanek, Vladimir"]
[Black "Docekalova, Alexandra"]
[Site "Praha"]
[Round "1.3"]
[Result "1-0"]
[Date "2025.04.16"]
[WhiteElo "2172"]
[BlackElo "1977"]
[PlyCount "41"]
[GameId "2169022241820748"]
[EventDate "2025.??.??"]

1. d4 Nf6 2. c4 e6 3. g3 d5 4. Bg2 c6 5. Nf3 Bd6 6. Qc2 Nbd7 7. O-O Ne4 8. Nfd2 Nef6 9. e4 dxe4 10. Nc3 O-O 11. Ndxe4 Be7 12. Bf4 Nxe4 13. Nxe4 Nf6 14. Rfd1 Nh5 15. Be3 Nf6 16. d5 exd5 17. Nxf6+ Bxf6 18. cxd5 Bg4 19. f3 Bd7 20. dxc6 bxc6 21. Bh3 1-0

[Event "Prebor Prahy jednotlivcu + Rejfiruv memorial 2025"]
[Site "Praha"]
[Date "2025.04.16"]
[Round "1.4"]
[White "Cejkova, Miroslava"]
[Black "Matras, Ondrej"]
[Result "0-1"]
[Annotator "U~ivatel"]
[WhiteElo "1968"]
[BlackElo "2146"]
[PlyCount "94"]
[GameId "2187644501471703"]
[EventDate "2025.??.??"]

1. e4 e6 2. d4 d5 3. Nd2 a6 4. Ngf3 c5 5. exd5 exd5 6. Be2 cxd4 7. O-O Nf6 8. Re1 Be7 9. Nxd4 O-O 10. N2f3 h6 11. c3 Bd6 12. Bd3 Re8 13. Rxe8+ Qxe8 14. Nf5 Bxf5 15. Bxf5 Nc6 16. Be3 Bc7 17. Qa4 Qe7 18. Qh4 Re8 19. Rd1 b5 20. Bc2 Qd6 21. g3 Bd8 22. Qh3 Qb8 23. Nh4 Bb6 24. Nf5 Bxe3 25. Nxe3 Ne5 26. Qf5 Qb7 27. Nxd5 Nxd5 28. Be4 g6 29. Qh3 Nf4 30. gxf4 Qxe4 31. fxe5 Rxe5 32. Rd3 Rg5+ 33. Kf1 Kg7 34. Qd7 Qg2+ 35. Ke2 Re5+ 36. Re3 Rxe3+ 37. Kxe3 Qxh2 38. Qd4+ Kh7 39. a4 Qh3+ 40. Kd2 Qf5 41. axb5 axb5 42. c4 bxc4 43. Qxc4 Qxf2+ 44. Kc3 h5 45. b4 h4 46. Qc8 Qe1+ 47. Kb3 Qe6+ 0-1

[Event "Prebor Prahy jednotlivcu + Rejfiruv memorial 2025"]
[White "Filipi, Stepan"]
[Black "Plasek, Zdenek"]
[Site "Praha"]
[Round "1.5"]
[Result "1-0"]
[Date "2025.04.16"]
[WhiteElo "2121"]
[BlackElo "1963"]
[PlyCount "79"]
[GameId "2169026295366714"]
[EventDate "2025.??.??"]

1. Nf3 d5 2. g3 Nf6 3. Bg2 e6 4. O-O c5 5. c4 Nc6 6. cxd5 Nxd5 7. Nc3 Nc7 8. b3 Be7 9. Bb2 O-O 10. Rc1 b6 11. d4 Nxd4 12. Nxd4 cxd4 13. Nb5 Nd5 14. Nxd4 Bb7 15. e4 Nf6 16. Nc6 Bxc6 17. Rxc6 Rc8 18. Rxc8 Qxc8 19. e5 Rd8 20. Qe2 Nd5 21. Rc1 Qb7 22. Be4 g6 23. h4 Qd7 24. h5 Bg5 25. Rc4 b5 26. Rc5 a6 27. hxg6 fxg6 28. Qg4 Bh6 29. Bxd5 exd5 30. e6 Qe7 31. Rc6 Bg7 32. Bxg7 Qxg7 33. Qg5 Re8 34. Qxd5 Qe7 35. Rxa6 b4 36. Rd6 Qf6 37. Kg2 Kh8 38. Qd4 Qxd4 39. Rxd4 Ra8 40. e7 1-0

[Event "Prebor Prahy jednotlivcu + Rejfiruv memorial 2025"]
[White "Svadlenka, Dominik"]
[Black "Muron, Miroslav"]
[Site "Praha"]
[Round "1.6"]
[Result "1/2-1/2"]
[Date "2025.04.16"]
[WhiteElo "1957"]
[BlackElo "2113"]
[PlyCount "77"]
[GameId "2169028294284790"]
[EventDate "2025.??.??"]

1. d4 Nf6 2. c4 g6 3. Nc3 Bg7 4. e4 d6 5. Be2 O-O 6. Nf3 Nbd7 7. O-O e5 8. Qc2 c6 9. Rd1 Qe7 10. Be3 Ng4 11. Bg5 f6 12. Bh4 g5 13. Bg3 Nh6 14. h3 f5 15. dxe5 Nxe5 16. Bxe5 dxe5 17. exf5 Nxf5 18. Ne4 Nd4 19. Nxd4 exd4 20. c5 Bf5 21. Bd3 g4 22. hxg4 Bxg4 23. Re1 Rae8 24. Qd2 Qh4 25. Nd6 Be5 26. Bc4+ Kh8 27. Rxe5 Rxe5 28. Qxd4 Qf6 29. Qxg4 Qxf2+ 30. Kh1 Qf6 31. Rf1 Qh6+ 32. Qh3 Rxf1+ 33. Bxf1 Qxh3+ 34. gxh3 Rxc5 35. Nxb7 Rc2 36. b3 Rxa2 37. Nd8 a5 38. Nxc6 a4 39. bxa4 1/2-1/2

[Event "Prebor Prahy jednotlivcu + Rejfiruv memorial 2025"]
[White "Verner, Matej"]
[Black "Tesar, Jakub"]
[Site "Praha"]
[Round "1.7"]
[Result "0-1"]
[Date "2025.04.16"]
[WhiteElo "2070"]
[BlackElo "1953"]
[PlyCount "52"]
[GameId "2169031583488480"]
[EventDate "2025.??.??"]

1. e4 e6 2. d4 d5 3. e5 c5 4. c3 Nc6 5. Nf3 Qb6 6. Bd3 cxd4 7. O-O Bd7 8. Re1 Rc8 9. h4 Nh6 10. Bxh6 Qxb2 11. Nbd2 dxc3 12. Rb1 Qa3 13. Rb3 Qxa2 14. Rxb7 Nb4 15. Bc4 Qa4 16. Qe2 cxd2 17. Bxd2 Rxc4 18. Ng5 h6 19. Nxf7 Kxf7 20. Qh5+ g6 21. Qf3+ Ke8 22. Rb1 Qc2 23. R1xb4 Bxb4 24. Qf6 Rf8 25. Qg7 Rf7 26. Qg8+ Bf8 0-1

[Event "Prebor Prahy jednotlivcu + Rejfiruv memorial 2025"]
[White "Heller, Jan"]
[Black "Srba, Milan"]
[Site "Praha"]
[Round "1.8"]
[Result "0-1"]
[Date "2025.04.16"]
[WhiteElo "1936"]
[BlackElo "2043"]
[PlyCount "68"]
[GameId "2169033812775027"]
[EventDate "2025.??.??"]

1. g3 c5 2. Bg2 Nc6 3. c4 g6 4. Nc3 Bg7 5. Nf3 e6 6. e3 Nge7 7. h4 h6 8. d4 cxd4 9. exd4 d5 10. cxd5 exd5 11. Be3 Bg4 12. Qd2 Nf5 13. O-O O-O 14. Nh2 Nxe3 15. fxe3 Be6 16. Nf3 Qc7 17. Kh2 Rad8 18. Ne1 Rfe8 19. Nd3 g5 20. hxg5 hxg5 21. Rae1 f5 22. Nc5 Qf7 23. Nxe6 Rxe6 24. Kg1 Rh6 25. Qd3 Ne7 26. Qb5 Qh5 27. Rf3 f4 28. Qc5 Nf5 29. gxf4 g4 30. Rff1 Qh2+ 31. Kf2 g3+ 32. Ke2 Qxg2+ 33. Kd3 Rh2 34. Ne2 Qe4+ 0-1

[Event "Prebor Prahy jednotlivcu + Rejfiruv memorial 2025"]
[White "Lukasiewicz, Aleksander"]
[Black "Mikhno, Artem"]
[Site "Praha"]
[Round "1.9"]
[Annotator "U~ivatel"]
[Result "0-1"]
[Date "2025.04.16"]
[WhiteElo "2029"]
[BlackElo "1901"]
[PlyCount "108"]
[GameId "2169037841306213"]
[EventDate "2025.??.??"]

1. e4 c5 2. Nf3 d6 3. d4 cxd4 4. Nxd4 Nf6 5. Nc3 a6 6. Bc4 e6 7. Bb3 Be7 8. O-O O-O 9. f4 Nc6 10. Be3 Qc7 11. f5 Nxd4 12. Qxd4 Ng4 13. Qb6 Qxb6 14. Bxb6 Bd8 15. Bxd8 Rxd8 16. Na4 e5 17. Nb6 Rb8 18. Rfe1 Bd7 19. Rad1 Bc6 20. Nc4 d5 21. Nxe5 Nxe5 22. exd5 Re8 23. dxc6 bxc6 24. h3 Kf8 25. Kf2 Re7 26. Rd6 Rd7 27. Rxd7 Nxd7 28. Re3 Rb5 29. g4 a5 30. Ke2 h5 31. Re4 hxg4 32. hxg4 f6 33. Kd2 Ne5 34. Kc1 Ke7 35. Be6 Rb4 36. Rxb4 axb4 37. a4 bxa3 38. bxa3 g5 39. a4 Kd6 40. a5 Nxg4 41. a6 Kc7 42. Kd2 Kb6 43. Bc4 Ne5 44. Bf1 Nd7 45. Ke3 Nc5 46. Kf3 Nxa6 47. Kg4 Nb4 48. c4 Kc5 49. Kh5 Kd4 50. Kg6 Ke5 51. Bg2 c5 52. Bb7 Nc2 53. Bc8 Ne3 54. Be6 g4 0-1

[Event "Prebor Prahy jednotlivcu + Rejfiruv memorial 2025"]
[White "Koper, Stefan"]
[Black "Siktanc, Petr"]
[Site "Praha"]
[Round "1.10"]
[Annotator "U~ivatel"]
[Result "0-1"]
[Date "2025.04.16"]
[WhiteElo "1826"]
[BlackElo "2011"]
[PlyCount "66"]
[GameId "2169041439749546"]
[EventDate "2025.??.??"]

1. Nf3 d6 2. g3 g6 3. c4 Bg7 4. Nc3 e5 5. Bg2 Ne7 6. O-O O-O 7. e3 Nbc6 8. d4 exd4 9. exd4 Bg4 10. Ne2 Qc8 11. Be3 Nf5 12. Qd2 Qd7 13. Rac1 Rae8 14. d5 Bxf3 15. Bxf3 Ne5 16. Bg2 Nxe3 17. fxe3 h5 18. h3 Qe7 19. e4 Kh7 20. b3 Bh6 21. Nf4 h4 22. g4 a5 23. Rcd1 b6 24. Rf2 a4 25. Rdf1 axb3 26. axb3 Ra8 27. Qc3 Bg7 28. Qc2 Ra3 29. Ne2 Bh6 30. Qc3 Ra2 31. Nd4 Rxf2 32. Rxf2 Ra8 33. Bf1 Kg8 {......} 0-1

[Event "Prebor Prahy jednotlivcu + Rejfiruv memorial 2025"]
[White "Kulhanek, Tomas"]
[Black "Srba, Milan"]
[Site "Praha"]
[Round "2.1"]
[Annotator "U~ivatel"]
[Result "1-0"]
[Date "2025.04.23"]
[WhiteElo "2310"]
[BlackElo "2043"]
[PlyCount "55"]
[GameId "2169887530784757"]
[EventDate "2025.??.??"]

1. e4 e6 2. d4 d5 3. e5 c5 4. c3 Nc6 5. Nf3 Bd7 6. Bd3 cxd4 7. O-O dxc3 8. Nxc3 a6 9. Re1 Be7 10. a3 g5 11. Bc2 Rc8 12. h4 h6 13. Nh2 Qb6 14. Qh5 gxh4 15. Nf3 Nd4 16. Nxd4 Qxd4 17. Be3 Qc4 18. Rad1 Bc5 19. Rd3 Bxe3 20. Rexe3 Ne7 21. Rf3 Nf5 22. Rxd5 exd5 23. Bxf5 Bxf5 24. Rxf5 Rc7 25. e6 d4 26. Nd5 Kd8 27. Qxh4+ Kc8 28. Nb6+ 1-0

[Event "Prebor Prahy jednotlivcu + Rejfiruv memorial 2025"]
[White "Siktanc, Petr"]
[Black "Krivanek, Vladimir"]
[Site "Praha"]
[Round "2.2"]
[Annotator "U~ivatel"]
[Result "1-0"]
[Date "2025.04.23"]
[WhiteElo "2011"]
[BlackElo "2172"]
[PlyCount "81"]
[GameId "2169889876859205"]
[EventDate "2025.??.??"]

1. Nf3 b6 2. g3 Bb7 3. Bg2 e5 4. d3 Nf6 5. e4 d6 6. O-O Be7 7. h3 Nbd7 8. c4 Nc5 9. Nc3 Ne6 10. Be3 O-O 11. b4 c6 12. b5 c5 13. Nh2 Nd7 14. Nd5 Nd4 15. f4 Bxd5 16. cxd5 Nxb5 17. Qd2 Nd4 18. f5 b5 19. Rac1 a5 20. h4 a4 21. Bh3 b4 22. g4 Bxh4 23. g5 f6 24. g6 Bg5 25. gxh7+ Kh8 26. Nf3 Nxf3+ 27. Rxf3 Bxe3+ 28. Qxe3 b3 29. a3 Rb8 30. Rb1 Qb6 31. Kh1 Rfc8 32. Qe2 c4 33. dxc4 Qd4 34. Rg3 Qxc4 35. Qg4 g5 36. fxg6 Kg7 37. Qxd7+ Kh6 38. Bg2 b2 39. g7 Qc1+ 40. Kh2 Qxb1 41. Qh3# 1-0

[Event "Prebor Prahy jednotlivcu + Rejfiruv memorial 2025"]
[White "Tesar, Jakub"]
[Black "Filipi, Stepan"]
[Site "Praha"]
[Round "2.3"]
[Result "1/2-1/2"]
[Date "2025.04.23"]
[WhiteElo "1953"]
[BlackElo "2121"]
[PlyCount "214"]
[GameId "2169918887673902"]
[EventDate "2025.??.??"]

1. d4 Nf6 2. c4 e6 3. Nf3 b6 4. g3 Ba6 5. Qc2 c5 6. d5 exd5 7. cxd5 Bb7 8. Bg2 Bxd5 9. Nc3 Bc6 10. e4 Be7 11. O-O O-O 12. Rd1 Qc7 13. e5 Ne8 14. Nd5 Bxd5 15. Rxd5 Nc6 16. Qf5 Rd8 17. Bf4 d6 18. Rad1 dxe5 19. Rxd8 Bxd8 20. Nxe5 Nd4 21. Rxd4 cxd4 22. Nc6 Nd6 23. Qd5 Be7 24. Nxe7+ Qxe7 25. Qxd6 Qxd6 26. Bxd6 Rc8 27. Be4 d3 28. Bf4 Rc2 29. Bxd3 Rxb2 30. Bc4 b5 31. Bd5 a5 32. Kf1 a4 33. Ke1 b4 34. Be5 Rc2 35. Bd6 Rb2 36. Bc5 h5 37. Kd1 b3 38. axb3 axb3 39. Be4 Ra2 40. Kc1 h4 41. Be3 g6 42. Kb1 Re2 43. Bf3 Rc2 44. Bd1 hxg3 45. hxg3 Rc8 46. Bxb3 Kg7 47. Bd4+ f6 48. Bc2 Rc4 49. Bb2 Rc7 50. Kc1 Rd7 51. Bc3 Rd6 52. Bd2 Rc6 53. Kd1 Rd6 54. Ke2 Re6+ 55. Kf3 Re5 56. Be3 Ra5 57. Ke4 Re5+ 58. Kd4 Ra5 59. Ke4 Re5+ 60. Kf4 Ra5 61. Bd4 Ra2 62. Bd3 Ra3 63. Ke4 g5 64. Be2 Ra4 65. Kd5 Ra2 66. Bg4 Kg6 67. Ke4 Ra5 68. Be2 f5+ 69. Ke3 Ra8 70. Bd3 Re8+ 71. Kd2 Rd8 72. Kc3 Rc8+ 73. Kb3 Rb8+ 74. Kc2 Rd8 75. Bc3 g4 76. Be5 Ra8 77. Kd2 Re8 78. Bd4 Re7 79. Kc3 Rc7+ 80. Kb4 Rc8 81. Kb5 Kg5 82. Be5 Kg6 83. Bc4 Kg5 84. Kb4 Kg6 85. Kc3 Rd8 86. Bd3 Rd5 87. Bd4 Rd8 88. Kc4 Rd7 89. Be3 Rd8 90. Kc3 Rc8+ 91. Kd2 Rd8 92. Bf4 Re8 93. Kc3 Rc8+ 94. Bc4 Rd8 95. Be5 Kg5 96. Ba6 Kg6 97. Bb7 Rd7 98. Bc6 Rd8 99. Kc4 Rd2 100. Bd4 Re2 101. Be3 f4 102. Bxf4 Rxf2 103. Bd7 Rxf4+ 104. gxf4 g3 105. Bh3 g2 106. Bxg2 Kf5 107. Kd4 Kxf4 1/2-1/2

[Event "Prebor Prahy jednotlivcu + Rejfiruv memorial 2025"]
[White "Mikhno, Artem"]
[Black "Neuman, Petr"]
[Site "Praha"]
[Round "2.4"]
[Annotator "U~ivatel"]
[Result "0-1"]
[Date "2025.04.23"]
[WhiteElo "1901"]
[BlackElo "2418"]
[PlyCount "74"]
[GameId "2169866001883259"]
[EventDate "2025.??.??"]

1. d4 d6 2. c4 e5 3. dxe5 dxe5 4. Qxd8+ Kxd8 5. Nc3 Be6 6. e4 Nd7 7. a3 a5 8. b3 c6 9. g3 f6 10. Bh3 Bxh3 11. Nxh3 Nc5 12. Be3 Kc7 13. Bxc5 Bxc5 14. Ke2 Nh6 15. f3 Nf7 16. Rhd1 Nd8 17. Kf1 Ne6 18. Ne2 Rhd8 19. a4 Be3 20. Nf2 Bxf2 21. Kxf2 Nc5 22. Rxd8 Rxd8 23. Rb1 Rd3 24. Nc1 Rd1 25. Ke2 Rh1 26. Kd2 Rxh2+ 27. Ne2 h5 28. Ke3 g5 29. Kd2 h4 30. Ke3 h3 31. b4 axb4 32. Rxb4 Rg2 33. a5 h2 34. Rb1 Nb3 35. Rh1 Nxa5 36. f4 g4 37. c5 Nb3 0-1

[Event "Prebor Prahy jednotlivcu + Rejfiruv memorial 2025"]
[White "Matras, Ondrej"]
[Black "Svadlenka, Dominik"]
[Site "Praha"]
[Round "2.5"]
[Annotator "U~ivatel"]
[Result "1/2-1/2"]
[Date "????.??.??"]
[WhiteElo "2146"]
[BlackElo "1957"]
[PlyCount "128"]
[GameId "2170892843810850"]

1. d4 Nf6 2. c4 e6 3. Nc3 Bb4 4. e3 O-O 5. Nge2 d5 6. a3 Be7 7. Nf4 c6 8. Be2 Nbd7 9. O-O dxc4 10. Bxc4 e5 11. Nfe2 exd4 12. exd4 Nb6 13. Bd3 Nbd5 14. Re1 Re8 15. Bc2 Bf8 16. Bg5 Qa5 17. Qd2 Qc7 18. h3 Bd7 19. Qd3 g6 20. Qf3 Bg7 21. Bh4 Be6 22. Bg3 Qd7 23. Be5 Nxc3 24. Nxc3 Qd8 25. Rad1 Nd5 26. Ne4 f6 27. Bh2 Bf5 28. Bb3 Bxe4 29. Rxe4 Rxe4 30. Qxe4 Qd7 31. Re1 Kf7 32. Kf1 Re8 33. Qxe8+ Qxe8 34. Rxe8 Kxe8 35. Ke2 Kd7 36. Kd3 Bh6 37. g3 Bc1 38. Kc2 Bh6 39. Bc4 Bf8 40. Bg1 Bd6 41. Bd3 Ke6 42. h4 f5 43. Kd2 Kf6 44. Ke2 Ke6 45. Bc4 Kf6 46. Kf3 h5 47. Ke2 Nb6 48. Bb3 Nd5 49. f4 Bc7 50. Bf2 Bb6 51. Kd3 Ba5 52. Bd1 a6 53. Kc4 Ke6 54. Bf3 Kd6 55. Kb3 Nb6 56. Be2 Kd5 57. Kc2 Nc4 58. b4 Bd8 59. a4 b5 60. Kc3 Nb6 61. a5 Nd7 62. Kd3 Nf6 63. Bd1 Kd6 64. Bb3 Nd5 1/2-1/2

[Event "Prebor Prahy jednotlivcu + Rejfiruv memorial 2025"]
[White "Muron, Miroslav"]
[Black "Cejkova, Miroslava"]
[Site "Praha"]
[Round "2.6"]
[Annotator "U~ivatel"]
[Result "1/2-1/2"]
[Date "2025.04.23"]
[WhiteElo "2113"]
[BlackElo "1968"]
[PlyCount "104"]
[GameId "2169892878403952"]
[EventDate "2025.??.??"]

1. e4 e5 2. Nf3 Nf6 3. Nc3 Nc6 4. a3 d6 5. d4 Bg4 6. dxe5 Nxe5 7. Be2 Nxf3+ 8. Bxf3 Bxf3 9. Qxf3 Be7 10. Bf4 O-O 11. O-O-O Qe8 12. Rd3 Qc6 13. e5 Qxf3 14. Rxf3 dxe5 15. Bxe5 c6 16. h3 Rad8 17. Rd1 Rxd1+ 18. Nxd1 Rd8 19. Bf4 Nd5 20. Bd2 Bf6 21. Rd3 h6 22. c4 Nb6 23. Rxd8+ Bxd8 24. b3 Nd7 25. Kc2 Be7 26. a4 Kf8 27. b4 h5 28. Nb2 Ke8 29. Kb3 a6 30. c5 a5 31. Nd3 axb4 32. Bxb4 Nf6 33. Bc3 Ne4 34. Bd4 g6 35. f3 Ng5 36. Be3 Ne6 37. Kb4 Bf6 38. Kc4 Kd7 39. Nf2 Nc7 40. Bd4 Bxd4 41. Kxd4 Ne6+ 42. Kc4 Kc7 43. Nd3 f6 44. h4 Kd7 45. g4 Ke7 46. gxh5 gxh5 47. a5 Ng7 48. Nf4 Nf5 49. Nxh5 Nxh4 50. Ng3 Nxf3 51. Nf5+ Kd7 52. Nd6 Ne5+ 1/2-1/2

[Event "Prebor Prahy jednotlivcu + Rejfiruv memorial 2025"]
[Site "Praha"]
[Date "2025.05.22"]
[Round "2.7"]
[White "Pospisil, Evzen"]
[Black "Verner, Matej"]
[Result "1/2-1/2"]
[WhiteElo "2017"]
[BlackElo "2070"]
[PlyCount "48"]
[GameId "2180653095182395"]
[EventDate "2025.??.??"]

1. d4 d5 2. Nf3 c5 3. c4 e6 4. cxd5 exd5 5. g3 Nf6 6. Bg2 Nc6 7. O-O Be7 8. dxc5 Bxc5 9. Nc3 O-O 10. Na4 Be7 11. Be3 Bg4 12. h3 Bxf3 13. Bxf3 Qd7 14. Kh2 Rad8 15. Nc5 Bxc5 16. Bxc5 Rfe8 17. Bd4 Nxd4 18. Qxd4 b6 19. Rac1 Rc8 20. Rfd1 h6 21. e3 Rxc1 22. Rxc1 Rc8 23. Rxc8+ Qxc8 24. Kg2 Qc6 1/2-1/2

[Event "Prebor Prahy jednotlivcu + Rejfiruv memorial 2025"]
[Site "Praha"]
[Date "2025.04.23"]
[Round "2.8"]
[White "Plasek, Zdenek"]
[Black "Lukasiewicz, Aleksander"]
[Result "0-1"]
[WhiteElo "1963"]
[BlackElo "2029"]
[PlyCount "106"]
[GameId "2183272447901780"]
[EventDate "2025.??.??"]

1. d4 d6 2. Nf3 Nf6 3. c4 g6 4. Nc3 Bf5 5. Qb3 Qc8 6. Bf4 Bg7 7. h3 h5 8. Nd2 O-O 9. e4 Bd7 10. Be2 Nc6 11. Nf3 Nxd4 12. Nxd4 e5 13. Be3 exd4 14. Bxd4 Re8 15. Be3 Nxe4 16. Nxe4 Rxe4 17. Bf3 Qe8 18. Bxe4 Qxe4 19. O-O Bc6 20. f3 Qh4 21. Bf2 Qf4 22. Be3 Qg3 23. Bf2 Qf4 24. Be3 Qf6 25. Rab1 Re8 26. Rfd1 Qh4 27. Re1 Be5 28. Qd3 Bd7 29. Qd2 Bg3 30. Bf2 Bxf2+ 31. Qxf2 Rxe1+ 32. Rxe1 Qxc4 33. Qxa7 b6 34. Qa8+ Kg7 35. Qa3 Be6 36. b3 Qd4+ 37. Kh1 Qf2 38. Rb1 Bxh3 39. Qb2+ Qxb2 40. Rxb2 Be6 41. Kg1 Kf6 42. Kf2 Ke5 43. Rd2 d5 44. b4 Bd7 45. Rc2 Kd6 46. Ke3 c5 47. a3 d4+ 48. Kf4 Kd5 49. bxc5 bxc5 50. Ra2 c4 51. a4 c3 52. a5 g5+ 53. Kxg5 d3 0-1

[Event "Prebor Prahy jednotlivcu + Rejfiruv memorial 2025"]
[White "Heller, Jan"]
[Black "Petras, Milan"]
[Site "Praha"]
[Round "2.9"]
[Annotator "U~ivatel"]
[Result "1-0"]
[Date "2025.04.23"]
[WhiteElo "1936"]
[BlackElo "2006"]
[PlyCount "163"]
[GameId "2169901942194222"]
[EventDate "2025.??.??"]

1. d4 d5 2. c4 e6 3. cxd5 exd5 4. Nc3 Nf6 5. Bg5 Nbd7 6. e3 Be7 7. Bd3 O-O 8. Qc2 Re8 9. Nge2 Nf8 10. O-O g6 11. a3 a5 12. Rac1 c6 13. Bh4 Ne6 14. f3 Ng7 15. h3 Nd7 16. Bxe7 Qxe7 17. e4 Nb6 18. Qb3 Qd8 19. Nd1 Be6 20. e5 Bf5 21. Ne3 Bxd3 22. Qxd3 f6 23. f4 Qe7 24. Ng4 Nd7 25. Rf2 fxe5 26. fxe5 Rf8 27. Rcf1 Rxf2 28. Rxf2 Rf8 29. Rxf8+ Qxf8 30. Qb3 b6 31. Qc2 c5 32. Qa4 Nb8 33. Qb5 Ne6 34. Qxb6 Nxd4 35. Nxd4 cxd4 36. Qe6+ Kg7 37. Qxd5 Qf5 38. Qxd4 Qd7 39. Qxd7+ Nxd7 40. e6 Nc5 41. e7 Kf7 42. Ne5+ Ke8 43. b4 axb4 44. axb4 Nb7 45. Nc6 Nd6 46. Kf2 Kd7 47. Nd4 Kxe7 48. Kf3 Kf6 49. Kf4 h5 50. h4 Nc4 51. b5 Nb6 52. g4 hxg4 53. Kxg4 Nd7 54. Nc6 Nb6 55. Nb4 Ke6 56. Kg5 Kf7 57. Nc6 Nd7 58. Nd8+ Ke7 59. Nc6+ Kf7 60. Na5 Nb6 61. Nb7 Nc4 62. Nd8+ Ke7 63. Nc6+ Kf7 64. Nd4 Nb6 65. Nf3 Nd7 66. Nh2 Nb6 67. Ng4 Nd7 68. Kh6 Nc5 69. b6 Ke7 70. Kxg6 Kd6 71. Ne3 Nd7 72. Nc4+ Kc5 73. h5 Kxc4 74. h6 Kd5 75. b7 Kc6 76. b8=Q Nxb8 77. h7 Nd7 78. h8=Q Kd6 79. Kf5 Ke7 80. Qg7+ Kd6 81. Qd4+ Ke7 82. Qd5 1-0

[Event "Prebor Prahy jednotlivcu + Rejfiruv memorial 2025"]
[White "Docekalova, Alexandra"]
[Black "Koper, Stefan"]
[Site "Praha"]
[Round "2.10"]
[Annotator "U~ivatel"]
[Result "1-0"]
[Date "2025.04.23"]
[WhiteElo "1977"]
[BlackElo "1826"]
[PlyCount "87"]
[GameId "2169874835874413"]
[EventDate "2025.??.??"]

1. d4 d5 2. Nf3 Nf6 3. e3 Bg4 4. Be2 e6 5. c4 c6 6. Nbd2 Nbd7 7. O-O Bd6 8. b3 O-O 9. Bb2 a5 10. Ne5 Bxe2 11. Qxe2 Bb4 12. Ndf3 Ne4 13. c5 Bc3 14. Bxc3 Nxc3 15. Qc2 Ne4 16. Rfb1 f6 17. Nxd7 Qxd7 18. a4 Ra7 19. b4 axb4 20. Rxb4 Rfa8 21. Rab1 Qc7 22. Ne1 Ng5 23. Qb3 Rb8 24. Rb6 Nf7 25. Nd3 Nd8 26. Qb4 Rba8 27. Ra1 Ra5 28. Nc1 e5 29. Nb3 R5a7 30. a5 e4 31. Ra4 f5 32. Qa3 Ra6 33. Rxa6 Rxa6 34. Rb4 Qc8 35. Rb6 Qa8 36. Qb4 Kf7 37. h4 g6 38. Rxa6 Qxa6 39. Qb6 Qxb6 40. cxb6 Ke7 41. Nc5 Kd6 42. Nxb7+ Nxb7 43. a6 Na5 44. a7 1-0

[Event "Prebor Prahy jednotlivcu + Rejfiruv memorial 2025"]
[White "Siktanc, Petr"]
[Black "Kulhanek, Tomas"]
[Site "Praha"]
[Round "3.1"]
[Result "0-1"]
[Date "2025.04.30"]
[WhiteElo "2011"]
[BlackElo "2310"]
[PlyCount "90"]
[GameId "2172424906752422"]
[EventDate "2025.??.??"]

1. Nf3 d6 2. d4 Bg4 3. c4 Nd7 4. Nc3 g6 5. e3 Bg7 6. Be2 e5 7. O-O Ngf6 8. Qc2 O-O 9. h3 Bf5 10. e4 exd4 11. Nxd4 Bxe4 12. Nxe4 Nxe4 13. Qxe4 Re8 14. Qd3 Bxd4 15. Qxd4 Rxe2 16. Bh6 Qf6 17. Qg4 Qe6 18. Qf3 Re4 19. b3 f5 20. Qc3 Qf6 21. Qd2 Qd4 22. Qxd4 Rxd4 23. Rfe1 Kf7 24. f3 Re8 25. Rxe8 Kxe8 26. Re1+ Kf7 27. Be3 Rd3 28. Bg5 Ne5 29. Kf2 Rc3 30. Re2 Nc6 31. Ke1 Rd3 32. Kf2 a5 33. Kg3 Rc3 34. h4 a4 35. b4 Rxc4 36. b5 Ne5 37. Kf2 f4 38. g3 fxg3+ 39. Kxg3 Rc3 40. Kg2 h6 41. Bd8 g5 42. hxg5 hxg5 43. Bxg5 Nxf3 44. Re7+ Kg6 45. Be3 Nh4+ 0-1

[Event "Prebor Prahy jednotlivcu + Rejfiruv memorial 2025"]
[Site "Praha"]
[Date "2025.04.30"]
[Round "3.3"]
[White "Filipi, Stepan"]
[Black "Matras, Ondrej"]
[Result "1/2-1/2"]
[Annotator "U~ivatel"]
[WhiteElo "2121"]
[BlackElo "2146"]
[PlyCount "135"]
[GameId "2183297486712637"]
[EventDate "2025.??.??"]

1. e4 e6 2. b3 d5 3. Bb2 Nf6 4. e5 Nfd7 5. Nf3 c5 6. c3 Nc6 7. d4 f6 8. Bb5 fxe5 9. dxe5 Be7 10. c4 d4 11. Bxc6 bxc6 12. Nbd2 O-O 13. h4 Rf5 14. Qe2 Qc7 15. g4 Rf4 16. O-O-O a5 17. Rde1 a4 18. Ng5 Nf8 19. Rh3 axb3 20. axb3 Bd7 21. Rf3 Rxf3 22. Qxf3 Be8 23. Qg3 Ra2 24. f4 Qa5 25. Re2 Bg6 26. Nge4 h6 27. h5 Bh7 28. Rg2 Kh8 29. f5 Bg5 30. Nxg5 hxg5 31. h6 gxh6 32. Qh3 Qc7 33. Qxh6 Qg7 34. Qxg7+ Kxg7 35. Ne4 exf5 36. gxf5 Bxf5 37. Rxg5+ Bg6 38. Nxc5 Kf7 39. Bxd4 Rc2+ 40. Kd1 Rh2 41. e6+ Nxe6 42. Nxe6 Bc2+ 43. Kc1 Kxe6 44. Kb2 Bd1+ 45. Ka3 Rh3 46. Re5+ Kd6 47. c5+ Kd7 48. Be3 Be2 49. Kb4 Bb5 50. Bg5 Rh7 51. Ka5 Kc7 52. Bf4 Kb7 53. Re8 Ka7 54. Bb8+ Kb7 55. Bd6 Ka7 56. Rf8 Rd7 57. Kb4 Rh7 58. Rg8 Rh4+ 59. Kc3 Rh6 60. Bg3 Rh7 61. Kd4 Rd7+ 62. Bd6 Rh7 63. Ke5 Be2 64. Rg2 Bf3 65. Ra2+ Kb7 66. b4 Rh5+ 67. Kf6 Bd5 68. Re2 1/2-1/2

[Event "Prebor Prahy jednotlivcu + Rejfiruv memorial 2025"]
[White "Krivanek, Vladimir"]
[Black "Mikhno, Artem"]
[Site "Praha"]
[Round "3.4"]
[Result "1-0"]
[Date "2025.04.30"]
[WhiteElo "2172"]
[BlackElo "1901"]
[PlyCount "51"]
[GameId "2172405139394605"]
[EventDate "2025.??.??"]

1. e4 c6 2. d4 d5 3. f3 dxe4 4. fxe4 e5 5. Nf3 exd4 6. Bc4 Bb4+ 7. c3 Bc5 8. cxd4 Bb4+ 9. Nc3 Nf6 10. Bxf7+ Kxf7 11. Qb3+ Ke8 12. Qxb4 a5 13. Qb3 Qe7 14. O-O Be6 15. d5 Bg4 16. Bg5 Rf8 17. Kh1 h6 18. Bh4 g5 19. Bg3 a4 20. Nxa4 Nxe4 21. Rae1 Nd7 22. d6 Qh7 23. Qxb7 Rxa4 24. Qxc6 Rb4 25. a3 Bxf3 26. gxf3 1-0

[Event "Prebor Prahy jednotlivcu + Rejfiruv memorial 2025"]
[White "Srba, Milan"]
[Black "Muron, Miroslav"]
[Site "Praha"]
[Round "3.5"]
[Result "0-1"]
[Date "2025.04.30"]
[WhiteElo "2043"]
[BlackElo "2113"]
[PlyCount "82"]
[GameId "2172428984964209"]
[EventDate "2025.??.??"]

1. c4 Nf6 2. Nc3 c5 3. g3 Nc6 4. Bg2 g6 5. e3 Bg7 6. Nge2 O-O 7. O-O d6 8. d4 Bf5 9. h3 h5 10. d5 Na5 11. e4 Bd7 12. Qd3 a6 13. f4 b5 14. cxb5 axb5 15. e5 Bf5 16. Qf3 dxe5 17. fxe5 Nd7 18. d6 exd6 19. Qxa8 Qxa8 20. Bxa8 Rxa8 21. Rxf5 gxf5 22. exd6 Nb3 23. Rb1 Nxc1 24. Nxc1 b4 25. Nd5 Be5 26. Ne7+ Kg7 27. Nxf5+ Kf6 28. g4 hxg4 29. hxg4 Rg8 30. Kf2 Rxg4 31. Ne3 Rf4+ 32. Ke2 Rh4 33. Nd3 Bxd6 34. Nf2 Ke6 35. Rd1 Be5 36. b3 Bd4 37. Ng2 Rh2 38. Kf3 Ne5+ 39. Kg3 Rh8 40. Ne4 Rg8+ 41. Kh3 Nf3 0-1